1928 1369 1571 1060 1716 1925 1656 1688 1870 1212 1694 1979 1073 1143 1525 1152 1838 1393 1878 1294 1226 1067 1549 1661 1918 1750 1343 1161 1658 1032 1030 1636 1706 1275 1483 1177 1789 1592 1000 1756 1125 1529 1233 1886 1996 1074 1102 1893 1741 1392 1738 1935 1814 1865 1779 1733 1126 1373 1953 1251 1176 1973 1037 1087 1033 1002 1049 1297 1463 1679 1782 1146 1673 1267 1779 1574 1845 1234 1411 1661 1803 1215 1601 1716 1673 1306 1806 1363 1973 1104 1149 1707 1224 1877 1262 1079 1201 1917 1806 BCNSPRNW ULIB Ver.6.0+V

เปลี่ยนเป็นภาษาไทย

Change to English
 แสดงรายละเอียดบรรณานุกรม
  กลับหน้าหลัก

Brief Record : Get Marc (ISO 2709) : E-mail record : QR code < ปิดหน้าต่าง
LEADER : 00000nam 2200000uu 4500
001    13399109221
003     ULIB
008    110324s2545||||th 000 0 tha d
020    974905363X
060 04 WA540.JT3^bป971 2545
245 00 ไปให้ถึง-- ซึ่งจินตนาการ :^bบันทึก 2ปีปฏิรูประบบสุขภาพแห่งชาติ /^cจัดโดย สำนักงานปฏิรูประบบสุขภาพแห่งชาติ ; บรรณาธิการ, นิรชรา อัศวธีรากุล ... [และคนอื่นๆ]
246 30 ไปให้ถึง...ซึ่งจินตนาการ : บันทึก 2ปีปฏิรูประบบสุขภาพแห่งชาติ
260    นนทบุรี :^bสำนักงาน,^c2545
300    100 หน้า :^bภาพประกอบสี,^c2545
610 27 สำนักงานปฏิรูประบบสุขภาพแห่งชาติ
650  7 พระราชบัญญัติสุขภาพแห่งชาติ
650  7 ประกันสุขภาพ^zไทย
650  7 คุณภาพชีวิต
653    การปฏิรูประบบสุขภาพ
653    นโยบายด้านสุขภาพ
653    ระบบสุขภาพ
700 0  นิรชรา อัศวธีรากุล,^eบรรณาธิการ
710 2  สำนักงานปฏิรูประบบสุขภาพแห่งชาติ
945    ^p0^l0^i015429
945    ^p0^l0^i015430
995    ทศพร
999 ^a ใช้งานได้ทุกระบบ
รายการนี้ยังไม่มีแท็ก
คุณยังไม่ได้ล็อกอิน คุณสามารถมีกิจกรรมร่วมกับเว็บไซต์ได้ แต่ต้องล็อกอินก่อน ::
  ล็อกอิน

รายการสื่อสารสนเทศ

ลำดับที่ ประเภท เลขเรียก/บาร์โค้ด สถานที่ สถานะ
- ไม่พบข้อมูล -

รายการใกล้เคียง
    หัวเรื่อง [พระราชบัญญัติสุขภาพแห่งชาติ]
    หัวเรื่อง [คุณภาพชีวิต]

BibComment


ยังไม่เคยถูกคอมเมนท์

คอมเมนท์ทรัพยากรรายการนี้
  คอมเมนท์: ไปให้ถึง ซึ่งจินต..


 Copyright 2026. Bcnsprnw @Library